Nature of money (Record no. 3860)

MARC details
000 -LEADER
fixed length control field 00398nam a2200169Ia 4500
020 ## - INTERNATIONAL STANDARD BOOK NUMBER
ISBN 0-7456-0997-X
082 ## - DEWEY DECIMAL CLASSIFICATION NUMBER
Classification number 332.4 ING-N
100 ## - MAIN ENTRY--AUTHOR NAME
Personal name Ingham, Geoffrey
245 #0 - TITLE STATEMENT
Title Nature of money
260 ## - PUBLICATION, DISTRIBUTION, ETC. (IMPRINT)
Place of publication Cambridge
Name of publisher Polity Press
Year of publication 2004
300 ## - PHYSICAL DESCRIPTION
Number of Pages ix, 254p.
504 ## - BIBLIOGRAPHY, ETC. NOTE
Bibliography, etc Includes bibliography and index
650 ## - SUBJECT ADDED ENTRY--TOPICAL TERM
Topical Term Banks and banking
650 ## - SUBJECT ADDED ENTRY--TOPICAL TERM
Topical Term Capitalism
650 ## - SUBJECT ADDED ENTRY--TOPICAL TERM
Topical Term Money
942 ## - ADDED ENTRY ELEMENTS (KOHA)
Koha item type Books
Holdings
Withdrawn status Lost status Damaged status Not for loan Home library Current library Date acquired Source of acquisition Bill Date Full call number Accession Number Price effective from Koha item type
        NASSDOC Library NASSDOC Library 19/11/2004 SEGM 2004-10-25 332.4 ING-N 40233 18/04/2019 Books